000 00618nam a22002172 4500
001 0000002186
005 20151217145727.0
008 070404s xx 000 0 eng d
020 _a0324186932 :
_cKES 6,150
040 _aKABU
_cKABU
050 0 _aHF5415.129
_b.R67 2004
100 1 _aRosenbloom, Bert.
_@0000151453
245 1 0 _aMarketing channels :
_ba management view.
250 _a7th ed.
260 _aNew York :
_bThomson,
_c2004.
300 _axx, 649 p.
650 0 _aMarketing channels.
_@0000151454
908 _a070404
950 _@1
999 _c1966
_d1966